000 01668cam a22004694i 4500
003 PE-LiUPU
005 20250731172855.0
008 160823s r 000 0 spa d
020 _a847057261X
020 _a9788470572616
035 _a(Sirsi) a163101
040 _aPE-LiUPU
_bspa
_cPE-LiUPU
_erda
049 _aPRUA
082 0 4 _a226.5
_bM28
_220
100 1 _aMateos, Juan,
_eautor.
245 1 3 _aEl Evangelio de Juan :
_banalisis lingüistico y comentario exegetico /
_cpor Juan Mateos y Juan Barreto.
264 _aMadrid :
_bCristiandad,
_c1979.
300 _a1094 páginas ;
_c24 centímetros.
336 _atext
_2rdacontent
337 _aunmediated
_2rdamedia
338 _avolume
_2rdacarrier
504 _aÍndice : páginas 951-954.
505 0 _aPrologo: el designo creador -- Sección introductora: de Juan a Jesús -- Primera parte: el dia sexto la obra del Mesias -- Segunda parte: el día primero de la nueva creación -- Epílogo: la misión de la comunidad y Jesús.
526 _aSEG42
526 _aSEG41
526 _aSEG40
526 _aSEG39
526 _aP94
526 _aP87
526 _aP86
526 _aP85
526 _aP77
526 _aP76
526 _aP35
630 0 4 _aBiblia.
_pN.T.
_pMarcos
_vComentarios.
630 0 4 _aBiblia.
_pN.T.
_pMarcos
_vLenguaje, estilo.
910 _ajck
_bncf
_cncf
_d20160823
596 _a1
942 _2ddc
_cBOOK
999 _a226.5 M28
_wDEWEY
_c12011
_i37601
_d12011
_f2021-11-9
_g5
_lCCODEBUL1
_mBUL
_p58.12
_q3
_r0
_sY
_tBOOK
_u2016-8-23
_xTEOLOGIA
_PP35
_0COMPRA
_o.STAFF. Colección General
980 _81
_gALBERTO SANCHEZ Responsable de Automatización